000 nam a22 a 4500
999 _c79004
_d79004
003 BLK
005 20230505163001.0
008 180408b bul|||||r ||||||| ||bul||
010 _aKNG00083472000
020 _a978-954-300-080-7
040 _aBLK
041 _aBUL
_cBUL
080 _aОпера, музикална драма - изпълнители
_b782.1.071.2
_x(497.2)(093.3)(092)
_z782.1.071.2(497.2)(093.3)(092)
080 _aБългарска литература
_b821.163.2
_x-94
_z821.163.2-94
080 _aБългарски оперен певец
_b929 Трифонов, Стефан
_z929 Трифонов, Стефан
100 1 _aТрифонов, Стефан
_eпърви автор
_9298988
139 _aТрифонов, Стефан
_bТ 84
245 1 0 _aЖивях за операта
_cСтефан Трифонов.
257 _aBGR
260 _aСофия
_bГея-Либрис
_c2007
300 _a192 с.
_c20 см
380 _a7
500 _aОфс. изд.
590 _aф
600 1 4 _aТрифонов, Стефан
_9372163
650 4 _aМузикални изпълнители
_9247442
650 4 _aБългария - култура
_9270099
650 4 _aТрифонов, Стефан
_9372163
650 4 _aРежисьори, оперни
_9254399
653 _aТрифон Стефанов
653 _aспомени
653 _aрежисьори
653 _aоперна режисура
852 _aЦб 239837
852 _aК 78/Т 84
856 4 _qpdf
_i0.00
_ldisable
856 4 _qpdf
_i0.00
_ldisable
942 _cKNG
_n0
_01
_s1
944 _aCR
_c23.04.2008
_kМилена_Ачева
944 _aED
_c24.01.2015
_kИрена_Линкова
944 _aED
_c2023-05-05
999 _d79004